[Event "Rhein Main op-A 14th"]
[Site "Bad Homburg"]
[Date "2011.06.22"]
[Round "1"]
[White "Cserti, Istvan"]
[Black "Sakulski, Bernard"]
[Result "0-1"]
[WhiteElo "1671"]
[BlackElo "2036"]
[PlyCount "86"]
[EventDate "2011.06.22"]
[EventType "swiss"]
[EventRounds "7"]
[EventCountry "GER"]
[SourceTitle "EXT 2012"]
[Source "ChessBase"]
[SourceDate "2011.11.24"]
[SourceVersion "1"]
[SourceVersionDate "2011.11.24"]
[SourceQuality "1"]

1. e4 d5 2. exd5 Qxd5 3. d4 Nc6 4. Be3 e5 5. c4 Qa5+ 6. Bd2 Qb6 7. d5 Qxb2 8. Nc3 Nd4 9. Rb1 Nc2+ 10. Ke2 Nd4+ 11. Ke3 Qa3 12. Bd3 Nh6 13. f3 Bc5 14. Qa4+ Qxa4 15. Nxa4 Ndf5+ 16. Ke2 Be7 17. g4 Nd4+ 18. Kd1 Bd7 19. Nc3 0-0-0 20. h4 f5 21. g5 Nf7 22. a4 a6 23. Ke1 Rhf8 24. Be3 Bc5 25. Bxd4 Bxd4 26. Nge2 Bb6 27. Kd2 Ba5 28. Kc2 Bb6 29. Rb3 Bc5 30. Rhb1 Nd6 31. a5 Rde8 32. Ng3 g6 33. Ra1 Re7 34. Kd2 Bf2 35. Nh1 Bd4 36. Re1 Rfe8 37. Rc1 Bc5 38. Ng3 Bf2 39. Nh1 Bxh4 40. f4 exf4 41. c5 Ne4+ 42. Nxe4 fxe4 43. Bxa6 e3+ 0-1

[Event "Nittenau-ch 10th"]
[Site "Nittenau"]
[Date "2010.09.19"]
[Round "4"]
[White "Auchtor, Heribert"]
[Black "Cserti, Istvan"]
[Result "0-1"]
[WhiteElo "1399"]
[BlackElo "1688"]
[PlyCount "78"]
[EventDate "2010.09.17"]
[EventType "swiss"]
[EventRounds "5"]
[EventCountry "GER"]
[SourceTitle "EXT 2022"]
[Source "ChessBase"]
[SourceDate "2021.10.06"]
[SourceVersion "1"]
[SourceVersionDate "2021.10.06"]
[SourceQuality "1"]

1. b4 a5 2. b5 c6 3. a4 d5 4. e3 e5 5. Bb2 Bd6 6. c4 Be6 7. Qc2 Qe7 8. Nf3 f6 9. Be2 Nh6 10. 0-0 0-0 11. d4 e4 12. Nfd2 f5 13. c5 Bc7 14. b6 Bxh2+ 15. Kxh2 Qh4+ 16. Kg1 Rf6 17. f4 Qg3 18. Rf3 exf3 19. Bxf3 Ng4 20. Nf1 Qh4 21. Bxg4 fxg4 22. Qf2 Qh5 23. Ng3 Qg6 24. Nc3 h5 25. e4 h4 26. exd5 hxg3 27. Qxg3 cxd5 28. Nb5 Nc6 29. Re1 Raf8 30. Bc1 Bf5 31. Nd6 Rxd6 32. cxd6 Qxd6 33. Ba3 Nb4 34. Re5 Qxb6 35. Qf2 Be4 36. Rg5 Nd3 37. Qg3 Qxd4+ 38. Kh2 Rxf4 39. Rh5 Qf2 0-1

[Event "Nittenau-ch 10th"]
[Site "Nittenau"]
[Date "2010.09.18"]
[Round "2"]
[White "Eichinger, Christoph"]
[Black "Cserti, Istvan"]
[Result "1-0"]
[WhiteElo "1918"]
[BlackElo "1688"]
[PlyCount "99"]
[EventDate "2010.09.17"]
[EventType "swiss"]
[EventRounds "5"]
[EventCountry "GER"]
[SourceTitle "EXT 2022"]
[Source "ChessBase"]
[SourceDate "2021.10.06"]
[SourceVersion "1"]
[SourceVersionDate "2021.10.06"]
[SourceQuality "1"]

1. e4 e6 2. d3 d5 3. Nd2 c5 4. Ngf3 Nc6 5. g3 Nf6 6. Bg2 Be7 7. 0-0 0-0 8. Re1 Re8 9. e5 Nd7 10. Nf1 Qc7 11. Bf4 Nf8 12. h4 Ng6 13. N1h2 Nxf4 14. gxf4 f6 15. c3 f5 16. Ng5 h6 17. Qh5 Rf8 18. Qg6 hxg5 19. hxg5 Bd8 20. Qh5 g6 21. Qxg6+ Qg7 22. Qh5 Bd7 23. Re3 Be8 24. Qe2 Kf7 25. Rh3 Rh8 26. Rxh8 Qxh8 27. Nf1 Qh4 28. Ng3 Ke7 29. Qd2 Bg6 30. a3 Ba5 31. b4 cxb4 32. axb4 Bb6 33. d4 Rh8 34. Bf3 Qh3 35. Bg2 Qh2+ 36. Kf1 Bh5 37. Nxh5 Qxh5 38. Qe3 Qe8 39. Rb1 Kd7 40. Qd3 Qg6 41. Ke2 Rh4 42. Qg3 Rg4 43. Qh2 Bd8 44. f3 Rxg2+ 45. Qxg2 Be7 46. Ra1 a6 47. Rh1 Bf8 48. Qh2 Bg7 49. Qh7 Qf7 50. g6 1-0

[Event "Erbendorf op"]
[Site "Erbendorf"]
[Date "2009.06.13"]
[Round "6"]
[White "Cserti, Istvan"]
[Black "Laustsen, Karl Johann"]
[Result "1-0"]
[WhiteElo "1664"]
[BlackElo "1881"]
[PlyCount "67"]
[EventDate "2009.06.11"]
[EventType "swiss"]
[EventRounds "7"]
[EventCountry "GER"]
[SourceTitle "CBM 130 Extra"]
[Source "ChessBase"]
[SourceDate "2009.07.02"]
[SourceVersion "2"]
[SourceVersionDate "2009.07.15"]
[SourceQuality "1"]

1. e4 c5 2. Nf3 d6 3. d4 cxd4 4. Nxd4 Nf6 5. Nc3 a6 6. Be2 e5 7. Nb3 Be6 8. Be3 Be7 9. f3 0-0 10. g4 Nbd7 11. Qd2 b5 12. g5 Nh5 13. Rg1 Nb6 14. Na5 Nc4 15. Nxc4 bxc4 16. Nd5 Bxd5 17. Qxd5 Qb8 18. 0-0-0 c3 19. bxc3 g6 20. Kd2 Nf4 21. Bxf4 exf4 22. Rb1 Qa7 23. Qd4 Qc5 24. Rb7 Rfe8 25. Bc4 Qxd4+ 26. cxd4 Kf8 27. h4 f6 28. Bd5 fxg5 29. hxg5 Rab8 30. Ra7 Rb6 31. Rg4 Reb8 32. Rxf4+ Ke8 33. Rf7 Bxg5+ 34. f4 1-0

[Event "Oberpfalz-ch M2"]
[Site "Kareth Lappersdorf"]
[Date "2008.03.18"]
[Round "7"]
[White "Gogeissl, Christian"]
[Black "Cserti, Istvan"]
[Result "1-0"]
[WhiteElo "1791"]
[BlackElo "1624"]
[PlyCount "109"]
[EventDate "2008.03.15"]
[EventType "swiss"]
[EventRounds "8"]
[EventCountry "GER"]
[SourceTitle "EXT 2022"]
[Source "ChessBase"]
[SourceDate "2021.10.06"]
[SourceVersion "1"]
[SourceVersionDate "2021.10.06"]
[SourceQuality "1"]

1. Nf3 Nf6 2. g3 b6 3. Bg2 Bb7 4. 0-0 e6 5. c4 c5 6. Nc3 Be7 7. b3 0-0 8. Bb2 a6 9. d4 cxd4 10. Qxd4 Nc6 11. Qd2 Qc7 12. Rac1 Rad8 13. Rfd1 Bc5 14. a3 Ng4 15. Ne4 Na5 16. Qc3 f6 17. Nxc5 Qxc5 18. Rf1 Qc7 19. h3 Bxf3 20. Bxf3 Ne5 21. Be4 Nac6 22. f4 Ng6 23. Qf3 Rf7 24. Bb1 Nce7 25. Kg2 Qb8 26. e4 Qb7 27. Rf2 f5 28. Rd2 fxe4 29. Qxe4 Qxe4+ 30. Bxe4 d5 31. Rcd1 Rc8 32. cxd5 exd5 33. Bxd5 Nxd5 34. Rxd5 Rc2+ 35. R1d2 Rfc7 36. R5d3 Ne7 37. Kf3 Kf7 38. Be5 R7c6 39. Rxc2 Rxc2 40. Rd6 Rc6 41. Rxc6 Nxc6 42. Bc3 g6 43. Ke4 Ke6 44. g4 a5 45. h4 b5 46. b4 a4 47. f5+ gxf5+ 48. gxf5+ Kd6 49. Kf4 Ne7 50. Ke4 h5 51. Bd4 Nd5 52. Bc5+ Kc6 53. Ke5 Nc7 54. f6 Kd7 55. f7 1-0

[Event "Oberpfalz-ch M2"]
[Site "Kareth Lappersdorf"]
[Date "2008.03.17"]
[Round "5"]
[White "Behrens, Kai"]
[Black "Cserti, Istvan"]
[Result "1-0"]
[WhiteElo "1729"]
[BlackElo "1624"]
[PlyCount "69"]
[EventDate "2008.03.15"]
[EventType "swiss"]
[EventRounds "8"]
[EventCountry "GER"]
[SourceTitle "EXT 2022"]
[Source "ChessBase"]
[SourceDate "2021.10.06"]
[SourceVersion "1"]
[SourceVersionDate "2021.10.06"]
[SourceQuality "1"]

1. d4 Nf6 2. c4 g6 3. Nc3 d5 4. Bg5 Bg7 5. Bxf6 Bxf6 6. Nxd5 Bg7 7. e3 0-0 8. Bd3 c5 9. Ne2 Nc6 10. 0-0 cxd4 11. exd4 Nxd4 12. Nxd4 Bxd4 13. Rb1 e5 14. Kh1 Be6 15. Nb4 Qb6 16. Nc2 Bxf2 17. b4 Bh4 18. Qe2 Rad8 19. Rbd1 Be7 20. g3 Qc7 21. Rfe1 f6 22. h4 Rxd3 23. Qxd3 Bxc4 24. Qd7 Qc6+ 25. Qxc6 bxc6 26. Rd7 Bd5+ 27. Kh2 Bd8 28. Rxa7 h5 29. Rd1 g5 30. Rb7 gxh4 31. gxh4 Rf7 32. Rb8 Rd7 33. b5 Kf7 34. bxc6 Rd6 35. Nb4 1-0

[Event "Oberpfalz-ch M2"]
[Site "Windischeschenbach"]
[Date "2007.04.03"]
[Round "7"]
[White "Cserti, Istvan"]
[Black "Klassen, Eugen"]
[Result "1-0"]
[WhiteElo "1777"]
[BlackElo "1656"]
[PlyCount "53"]
[EventDate "2007.03.31"]
[EventType "swiss"]
[EventRounds "8"]
[EventCountry "GER"]
[SourceTitle "EXT 2022"]
[Source "ChessBase"]
[SourceDate "2021.10.06"]
[SourceVersion "1"]
[SourceVersionDate "2021.10.06"]
[SourceQuality "1"]

1. e4 e6 2. d4 d5 3. Nc3 Bb4 4. e5 c5 5. a3 cxd4 6. axb4 dxc3 7. Bb5+ Bd7 8. Qe2 Bxb5 9. Qxb5+ Qd7 10. Qe2 Nc6 11. bxc3 Qc7 12. Nf3 Nge7 13. 0-0 Ng6 14. Re1 0-0 15. h4 Rfc8 16. Ra3 a5 17. b5 Nb8 18. h5 Nf8 19. Nd2 Nbd7 20. h6 Ng6 21. Qh5 Ndxe5 22. b6 Qd6 23. hxg7 Kxg7 24. c4 dxc4 25. Rh3 c3 26. Qh6+ Kg8 27. Ne4 1-0

[Event "Nittenau-ch 06th"]
[Site "Nittenau"]
[Date "2006.09.17"]
[Round "4"]
[White "Atento, Emanuel"]
[Black "Cserti, Istvan"]
[Result "1/2-1/2"]
[WhiteElo "1935"]
[BlackElo "1769"]
[PlyCount "136"]
[EventDate "2006.09.15"]
[EventType "swiss"]
[EventRounds "5"]
[EventCountry "GER"]
[SourceTitle "EXT 2022"]
[Source "ChessBase"]
[SourceDate "2021.10.06"]
[SourceVersion "1"]
[SourceVersionDate "2021.10.06"]
[SourceQuality "1"]

1. d4 Nf6 2. c4 g6 3. Nc3 Bg7 4. e4 d6 5. Nf3 0-0 6. Be2 e5 7. d5 Nbd7 8. Be3 Ng4 9. Bg5 Ngf6 10. 0-0 h6 11. Bd2 a6 12. Ne1 Nh7 13. Qc1 Ng5 14. h4 Nxe4 15. Nxe4 Qxh4 16. f4 f5 17. Nf3 Qe7 18. Ng3 e4 19. Ne1 Qh4 20. Kf2 e3+ 21. Bxe3 Ne5 22. Rh1 Qe7 23. fxe5 f4 24. e6 fxe3+ 25. Kg1 Qg5 26. Rh3 c6 27. Nf3 Qf4 28. Nf1 g5 29. Qxe3 g4 30. Qxf4 Rxf4 31. Rh4 Bf6 32. Re1 Bxh4 33. Nxh4 Bxe6 34. dxe6 Re4 35. e7 Rxe7 36. Nf5 Re6 37. N1g3 Rae8 38. Rd1 Rxe2 39. Nxe2 Rxe2 40. Rb1 Re6 41. Rf1 Kh7 42. Kf2 Kg6 43. Ne3 Kg5 44. g3 h5 45. Ke2 Kg6 46. Kd3 b5 47. b3 Re8 48. Rf4 b4 49. Nc2 a5 50. Ne3 a4 51. Ng2 axb3 52. axb3 c5 53. Re4 Rd8 54. Nf4+ Kf5 55. Nd5 Ra8 56. Ne3+ Kf6 57. Nd5+ Kg5 58. Re3 h4 59. gxh4+ Kxh4 60. Re6 Rf8 61. Rxd6 Rf3+ 62. Ne3 Kg5 63. Ke4 Rf4+ 64. Kd3 Rf3 65. Ke2 Rh3 66. Rd5+ Kf4 67. Nf1 Rxb3 68. Rxc5 g3 1/2-1/2

[Event "Nittenau-ch 5th"]
[Site "Nittenau"]
[Date "2005.09.03"]
[Round "5"]
[White "Braeutigam, Markus"]
[Black "Cserti, Istvan"]
[Result "1/2-1/2"]
[WhiteElo "1658"]
[BlackElo "1716"]
[PlyCount "83"]
[EventDate "2005.09.01"]
[EventType "swiss"]
[EventRounds "7"]
[EventCountry "GER"]
[SourceTitle "EXT 2008"]
[Source "ChessBase"]
[SourceDate "2007.11.25"]
[SourceVersion "1"]
[SourceVersionDate "2007.11.25"]
[SourceQuality "1"]

1. c4 e5 2. Nc3 f5 3. g3 Nf6 4. Bg2 c6 5. d4 e4 6. e3 Bb4 7. Nge2 0-0 8. a3 Ba5 9. b4 Bc7 10. 0-0 d5 11. cxd5 cxd5 12. Bb2 Nbd7 13. Rc1 Nb6 14. Qb3 Be6 15. Na4 Nc4 16. Nc5 Bc8 17. Rc2 b6 18. Na4 Be6 19. Nac3 Qd7 20. b5 g5 21. Ra1 Rf7 22. Bc1 Raf8 23. f4 exf3 24. Bxf3 Ne4 25. Na2 f4 26. exf4 gxf4 27. Nxf4 Bxf4 28. Bxf4 Rxf4 29. gxf4 Rxf4 30. Rg2+ Kh8 31. Bxe4 dxe4 32. Qc3 Rf3 33. Rf1 Rxf1+ 34. Kxf1 Qf7+ 35. Rf2 Qg7 36. d5 Bxd5 37. Qxg7+ Kxg7 38. Nc3 e3 39. Rf4 Bf7 40. a4 Na3 41. Re4 Nc2 42. Re7 1/2-1/2

[Event "Oberpfalz-ch M2"]
[Site "Schwarzenfeld"]
[Date "2005.??.??"]
[Round "5"]
[White "Gassner, Michael"]
[Black "Cserti, Istvan"]
[Result "1-0"]
[WhiteElo "1826"]
[BlackElo "1736"]
[PlyCount "63"]
[EventDate "2005.03.19"]
[EventType "swiss"]
[EventRounds "8"]
[EventCountry "GER"]
[SourceTitle "EXT 2022"]
[Source "ChessBase"]
[SourceDate "2021.10.06"]
[SourceVersion "1"]
[SourceVersionDate "2021.10.06"]
[SourceQuality "1"]

1. d4 Nf6 2. Bg5 d5 3. Nf3 e6 4. Nbd2 Be7 5. c3 b6 6. e3 Nbd7 7. Bd3 h6 8. Bf4 Bb7 9. Qe2 a5 10. 0-0 Ne4 11. Rfd1 Ndf6 12. Rac1 Nh5 13. Be5 0-0 14. c4 c6 15. cxd5 exd5 16. Nxe4 dxe4 17. Bxe4 Ba6 18. Qc2 f6 19. Bg3 Nxg3 20. hxg3 f5 21. Bxf5 Rf6 22. Ne5 Bb7 23. Qb3+ Qd5 24. Qxb6 Rxf5 25. Qxb7 Raf8 26. Qxe7 Rxf2 27. Nf3 Rxg2+ 28. Kxg2 Rxf3 29. e4 Qh5 30. Qh4 Qxh4 31. gxh4 Rf4 32. d5 1-0

[Event "Nittenau-ch 04th"]
[Site "Nittenau"]
[Date "2004.08.28"]
[Round "2"]
[White "Braun, Thomas2"]
[Black "Cserti, Istvan"]
[Result "0-1"]
[WhiteElo "2083"]
[BlackElo "1726"]
[PlyCount "74"]
[EventDate "2004.08.27"]
[EventType "swiss"]
[EventRounds "5"]
[EventCountry "GER"]
[SourceTitle "EXT 2022"]
[Source "ChessBase"]
[SourceDate "2021.10.06"]
[SourceVersion "1"]
[SourceVersionDate "2021.10.06"]
[SourceQuality "1"]

1. d4 f5 2. Nc3 Nf6 3. Bg5 e6 4. g3 d5 5. Bg2 Bb4 6. Nf3 0-0 7. 0-0 Bd7 8. Ne5 Be8 9. a3 Be7 10. f3 h6 11. Bxf6 Bxf6 12. e3 c5 13. Ne2 Qc7 14. f4 Nc6 15. b3 Rb8 16. g4 fxg4 17. Nxg4 cxd4 18. Nxf6+ Rxf6 19. Nxd4 Rd8 20. f5 Nxd4 21. Qxd4 exf5 22. Qxa7 Bc6 23. Qd4 Qf7 24. Rf2 g5 25. c4 Rd7 26. c5 Qe6 27. b4 Rdf7 28. b5 Bxb5 29. Bxd5 Qe7 30. e4 f4 31. Rd1 Bc6 32. e5 Re6 33. Bb3 Rxe5 34. Qd8+ Kg7 35. Qd4 Rf6 36. Rff1 Re2 37. a4 Rg2+ 0-1

[Event "Oberpfalz-ch M2"]
[Site "Regensburg"]
[Date "2004.04.06"]
[Round "7"]
[White "Simmerl, Stefan"]
[Black "Cserti, Istvan"]
[Result "1/2-1/2"]
[WhiteElo "1836"]
[BlackElo "1627"]
[PlyCount "95"]
[EventDate "2004.04.03"]
[EventType "swiss"]
[EventRounds "8"]
[EventCountry "GER"]
[SourceTitle "EXT 2022"]
[Source "ChessBase"]
[SourceDate "2021.10.06"]
[SourceVersion "1"]
[SourceVersionDate "2021.10.06"]
[SourceQuality "1"]

1. d4 f5 2. g3 Nf6 3. Bg2 e6 4. Nf3 Be7 5. 0-0 0-0 6. c4 c6 7. Nc3 d5 8. b3 Bd7 9. Bb2 Be8 10. Ng5 Qd7 11. f3 Bh5 12. Qd3 Na6 13. e4 Nb4 14. Qd2 h6 15. Nh3 dxe4 16. fxe4 Bc5 17. Na4 Na6 18. Nf4 Bb4 19. Qd3 Bg4 20. a3 fxe4 21. Bxe4 Nxe4 22. Qxe4 Bf5 23. Qe3 Bd6 24. Nd3 Qf7 25. Nac5 Rae8 26. Nxa6 bxa6 27. Ne5 Qh5 28. Bc3 Bh3 29. Rf4 Rxf4 30. gxf4 Bxe5 31. dxe5 Rd8 32. Qg3 Qf5 33. Re1 Rd3 34. Re3 Rd1+ 35. Re1 Rd3 36. Re3 Rd7 37. Qxh3 Rd1+ 38. Kf2 Qg6 39. Qg3 Qc2+ 40. Re2 Qxb3 41. Rd2 Rxd2+ 42. Bxd2 Qxc4 43. Qc3 Qd5 44. Be3 Qe4 45. Qd2 Qa4 46. Qd6 Qc4 47. Qc5 Qe4 48. Qd6 1/2-1/2

[Event "Oberpfalz-ch M2"]
[Site "Regensburg"]
[Date "2004.04.05"]
[Round "6"]
[White "Cserti, Istvan"]
[Black "Werner, Holger"]
[Result "1-0"]
[WhiteElo "1627"]
[BlackElo "1894"]
[PlyCount "72"]
[EventDate "2004.04.03"]
[EventType "swiss"]
[EventRounds "8"]
[EventCountry "GER"]
[SourceTitle "EXT 2022"]
[Source "ChessBase"]
[SourceDate "2021.10.06"]
[SourceVersion "1"]
[SourceVersionDate "2021.10.06"]
[SourceQuality "1"]

1. d4 Nf6 2. c4 g6 3. Nc3 Bg7 4. e4 d6 5. Be2 0-0 6. Be3 e5 7. Nf3 Nc6 8. d5 Ne7 9. Nh4 Ne8 10. Qd2 Nxd5 11. cxd5 f5 12. Bg5 Nf6 13. exf5 gxf5 14. g3 c5 15. a4 Bd7 16. Bh6 Rf7 17. Bb5 a6 18. Bxd7 Qxd7 19. Qg5 Ne8 20. 0-0 Kh8 21. Nd1 f4 22. Nc3 Bf6 23. Qh5 Ng7 24. Bxg7+ Rxg7 25. Ne4 Be7 26. Qf5 Qc7 27. Qh3 Rf7 28. Ng6+ Kg7 29. Nxe7 Qxe7 30. Qe6 Qxe6 31. dxe6 Re7 32. Nxd6 Rxe6 33. Nxb7 fxg3 34. hxg3 Rc8 35. Rac1 c4 36. Na5 Rc5 1-0

[Event "Nittenau-ch 01st"]
[Site "Nittenau"]
[Date "2001.09.15"]
[Round "3"]
[White "Cserti, Istvan"]
[Black "Urban, Rudolf"]
[Result "1-0"]
[WhiteElo "1673"]
[BlackElo "1899"]
[PlyCount "39"]
[EventDate "2001.09.14"]
[EventType "swiss"]
[EventRounds "5"]
[EventCountry "GER"]
[SourceTitle "EXT 2022"]
[Source "ChessBase"]
[SourceDate "2021.10.06"]
[SourceVersion "1"]
[SourceVersionDate "2021.10.06"]
[SourceQuality "1"]

1. Nf3 Nf6 2. c4 e6 3. d4 b6 4. Bg5 Bb7 5. e3 h6 6. Bh4 Bb4+ 7. Nc3 0-0 8. Bd3 d5 9. 0-0 Bxc3 10. bxc3 Nbd7 11. cxd5 exd5 12. Ne5 Qc8 13. f4 Nxe5 14. fxe5 Ne4 15. Bxe4 dxe4 16. Qh5 Qd7 17. Bf6 Bc8 18. Rf4 Kh7 19. Bxg7 Kxg7 20. Raf1 1-0